000 00596nam a2200205 i 4500
001 62546
003 ES-MaACL
005 20260525062927.0
007 t|
008 031121s1962 sp ||||1| spa d
100 1 _aFernández Flórez, Wenceslao,
_d1885-1964
_949790
245 1 4 _aLas siete columnas /
_cW. Fernández Flórez.
250 _a5ª ed.
260 _aMadrid :
_bEspasa-Calpe,
_c[1962]
300 _a229 p. ;
_c18 cm.
490 1 _aColección austral ;
_v263
830 0 _aColección austral
_v263
_9177655
852 _aES-MaACL
_jC-21725
_bR.50157
999 _c62546
_d62546